[Event "Floripa Super Blitz 2019"]
[Site "Florianopolis"]
[Date "2019.01.23"]
[Round "1.1"]
[White "Fier, Alexandr"]
[Black "Oliveira, Magno"]
[Result "1-0"]
[WhiteElo "2595"]
[BlackElo "1746"]
[Annotator "TA"]
[PlyCount "49"]
[EventDate "2019.01.23"]
[EventType "swiss"]
[EventCountry "BRA"]
[SourceTitle "playchess.com"]
[Source "ChessBase"]
[SourceQuality "1"]

{[%evp 9,49,25,54,0,13,5,15,-17,-4,-20,-24,-10,0,0,11,0,0,0,5,-6,22,18,13,20,14,23,92,47,58,53,108,103,111,110,116,104,95,98,95,57,29993,29994]} 1. d4 Nf6 {[%cal Bg8f6,Bf6d5,Bd5f4,Bf4e2][%mdl 32]} 2. Bg5 e6 3. e4 {[%cal Be2e4,Be4e5][%mdl 32]} Be7 4. e5 Nd5 5. Bxe7 Qxe7 {LiveBook: 3 Games} 6. c3 {A45: Trompowsky Attack} ({White should play} 6. c4 $14 Nb6 7. Nf3) (6. c4 Qb4+ 7. Nd2 Ne7 8. Qc1 d6 9. Ngf3 dxe5 10. a3 Qb6 11. dxe5 Nd7 12. Qc3 a5 13. Bd3 a4 14. O-O Qa5 15. Qd4 Nc6 16. Qg4 g6 17. Rfe1 Ndxe5 18. Nxe5 {½-½ (18) Bjazevic,P (2509)-Livie,G (2339) ICCF email 2010}) 6... O-O 7. Nf3 d6 8. exd6 {The position is equal.} cxd6 9. Be2 $146 ({Predecessor:} 9. Bd3 h6 10. O-O Nc6 11. c4 Ndb4 12. a3 Nxd3 13. Qxd3 d5 {½-½ (32) Feng,J (915)-Bozic,D (934) LSS email 2011}) 9... Nf4 10. O-O Nxe2+ 11. Qxe2 Nc6 12. Nbd2 {[%cal Bb1d2,Bd2c4,Bc4e3][%mdl 32]} Bd7 13. Rfe1 Rfe8 14. Nc4 b5 15. Ne3 a6 16. d5 $36 {[%mdl 2048] White has good play.} exd5 17. Qd2 Qd8 (17... Ne5 $11) 18. Nxd5 Rxe1+ 19. Rxe1 Be6 (19... h6 $14) 20. Ng5 $16 Bxd5 21. Qxd5 {[%mdl 64] [#] Double Attack} Qc7 22. Nxf7 Qxf7 23. Qxc6 Rf8 24. Re2 Ra8 $2 {[%mdl 8192] [#]} (24... Qxa2 $14 25. f3 Qc4 26. Qxc4+ bxc4) 25. Qxa8+ {Accuracy: White = 55%, Black = 31%.} 1-0

[Event "Floripa Super Blitz 2019"]
[Site "Florianopolis"]
[Date "2019.01.23"]
[Round "1.2"]
[White "Cardozo, Matheus Santos"]
[Black "Cubas, Jose Fernando"]
[Result "0-1"]
[WhiteElo "1733"]
[BlackElo "2586"]
[Annotator "TA"]
[PlyCount "52"]
[EventDate "2019.01.23"]
[EventType "swiss"]
[EventCountry "BRA"]
[SourceTitle "playchess.com"]
[Source "ChessBase"]
[SourceQuality "1"]

{[%evp 10,51,0,-13,16,-14,0,-10,8,0,-6,-42,-29,-45,-55,-468,-475,-470,-478,-462,-462,-466,-458,-454,-412,-420,-416,-419,-439,-455,-456,-462,-407,-499,-499,-561,-550,-576,-539,-708,-695,-893,-719,-29999]} 1. d4 d5 2. c4 e5 3. cxd5 Qxd5 4. dxe5 Qxd1+ 5. Kxd1 Nc6 6. Nf3 Bf5 {D08: Albin Counter Gambit} 7. Nc3 O-O-O+ 8. Bd2 $1 f6 $146 {The position is equal.} ({Predecessor:} 8... Nge7 9. e4 Bg4 10. h3 Bxf3+ 11. gxf3 Nxe5 12. Be2 N7c6 13. f4 Ng6 14. Ke1 {1-0 (46) Presalovic,M (2148)-Nemergut,P (2041) Slovakia 2016}) 9. exf6 Nxf6 {With the idea ...Ng4.} 10. e3 Ng4 11. Ke1 Nb4 $36 {[%mdl 2048] Black has the initiative.} 12. Nd4 $2 {[%mdl 8192] [#]} (12. Bc4 $15) 12... Rxd4 $1 $19 {[%mdl 576] Remove Defender} 13. exd4 Nc2+ {[%mdl 64] Double Attack} 14. Ke2 Nxd4+ ({Less strong is} 14... Nxa1 15. f3 $19) 15. Ke1 Nc2+ {[%mdl 64] Double Attack} 16. Ke2 Nxa1 17. h3 Nf6 18. g4 Bg6 19. Bg2 Nc2 20. g5 Bh5+ 21. f3 Nd7 22. Rc1 Nd4+ 23. Kf2 Nf5 24. Nb5 Bc5+ 25. Kf1 Re8 {[%cal Rf5g3] [#]} 26. b4 Ng3# {Accuracy: White = 24%, Black = 68%.} 0-1

[Event "Floripa Super Blitz 2019"]
[Site "Florianopolis"]
[Date "2019.01.23"]
[Round "1.3"]
[White "Granda Zuniga, Julio E"]
[Black "Da Silva Junior, Marco Aurelio"]
[Result "1-0"]
[WhiteElo "2586"]
[BlackElo "1729"]
[Annotator "ChessBase"]
[PlyCount "81"]
[EventDate "2019.01.23"]
[EventType "swiss"]
[EventCountry "BRA"]
[SourceTitle "playchess.com"]
[Source "ChessBase"]
[SourceQuality "1"]
[TimeControl "180+2"]

1. d4 {[%emt 0:00:00]} d5 {[%emt 0:00:00]} 2. c4 {[%emt 0:00:01]} e6 {[%emt 0:00:00]} 3. Nc3 {[%emt 0:00:03]} Nf6 {[%emt 0:00:02]} 4. Bg5 {[%emt 0:00:01]} Be7 {[%emt 0:00:10]} 5. e3 {[%emt 0:00:02]} Nbd7 {[%emt 0:00:02]} 6. Nf3 {[%emt 0:00:09]} O-O {[%emt 0:00:04]} 7. Qc2 {[%emt 0:00:02]} h6 {[%emt 0:00:14]} 8. Bh4 {[%emt 0:00:02]} Ng4 {[%emt 0:00:05]} 9. Bxe7 {[%emt 0:00:03]} Qxe7 {[%emt 0:00:02]} 10. cxd5 {[%emt 0:00:03]} exd5 {[%emt 0:00:09]} 11. Nxd5 {[%emt 0:00:04]} Qd6 {[%emt 0:00:13]} 12. Nxc7 {[%emt 0:00:04]} Rb8 {[%emt 0:00:23]} 13. Nb5 {[%emt 0:00:06]} Qb4+ {[%emt 0:00:11]} 14. Qc3 {[%emt 0:00:06]} Qxc3+ {[%emt 0:00:09]} 15. Nxc3 {[%emt 0:00:06]} Nb6 {[%emt 0:00:03]} 16. Be2 {[%emt 0:00:09]} Be6 {[%emt 0:00:10]} 17. O-O {[%emt 0:00:02]} Bc4 {[%emt 0:00:01]} 18. Rfc1 {[%emt 0:00:07]} Rbc8 {[%emt 0:00:11]} 19. b3 {[%emt 0:00:01]} Bxe2 {[%emt 0:00:02]} 20. Nxe2 {[%emt 0:00:02]} Nf6 {[%emt 0:00:04]} 21. Ne5 {[%emt 0:00:08]} Nbd5 {[%emt 0:00:18]} 22. Nd3 {[%emt 0:00:09]} Ne4 {[%emt 0:00:06]} 23. f3 {[%emt 0:00:08]} Nec3 {[%emt 0:00:07]} 24. Nxc3 {[%emt 0:00:05]} Nxc3 {[%emt 0:00:01]} 25. Kf2 {[%emt 0:00:07]} Rc7 {[%emt 0:00:06]} 26. Nc5 {[%emt 0:00:07]} Nb5 {[%emt 0:00:12]} 27. a4 {[%emt 0:00:19]} Nd6 {[%emt 0:00:08]} 28. Nd3 {[%emt 0:00:02]} Rfc8 {[%emt 0:00:02]} 29. Rxc7 {[%emt 0:00:02]} Rxc7 {[%emt 0:00:01]} 30. Rc1 {[%emt 0:00:01]} Rxc1 {[%emt 0:00:02]} 31. Nxc1 {[%emt 0:00:02]} Kf8 {[%emt 0:00:02]} 32. e4 {[%emt 0:00:02]} Ke7 {[%emt 0:00:01]} 33. Ke3 {[%emt 0:00:02]} f6 {[%emt 0:00:08]} 34. e5 {[%emt 0:00:13]} fxe5 {[%emt 0:00:07]} 35. dxe5 {[%emt 0:00:01]} Nf7 {[%emt 0:00:03]} 36. Nd3 {[%emt 0:00:08]} b6 {[%emt 0:00:05]} 37. f4 {[%emt 0:00:03]} g5 {[%emt 0:00:08]} 38. f5 {[%emt 0:00:03]} Nd8 {[%emt 0:00:07]} 39. Nb4 {[%emt 0:00:02]} a5 {[%emt 0:00:04]} 40. Nd5+ {[%emt 0:00:03]} Kf7 {[%emt 0:00:02]} 41. e6+ {[%emt 0:00:03]} 1-0

[Event "Floripa Super Blitz 2019"]
[Site "Florianopolis"]
[Date "2019.01.23"]
[Round "1.4"]
[White "Cabral Mesquita, Jussier"]
[Black "Quintiliano Pinto, Renato R."]
[Result "0-1"]
[WhiteElo "1728"]
[BlackElo "2457"]
[Annotator "TA"]
[PlyCount "64"]
[EventDate "2019.01.23"]
[EventType "swiss"]
[EventCountry "BRA"]
[SourceTitle "playchess.com"]
[Source "ChessBase"]
[SourceQuality "1"]

{[%evp 9,64,0,2,0,-7,-38,-29,-37,-33,-24,-34,-23,-43,-38,-58,-63,-56,-106,-89,-139,-139,-183,-172,-195,-145,-138,-146,-135,-132,-153,-159,-150,-142,-208,-118,-136,-137,-255,-253,-245,-232,-231,-231,-258,-250,-255,-247,-336,-234,-370,-382,-397,-242,-435,-294,-29988,-29989]} 1. d4 Nf6 2. c3 e6 3. Bg5 c5 $146 ({Predecessor:} 3... h6 4. Bh4 b6 5. e3 Bb7 6. Nd2 Be7 7. f4 {0-1 (15) Sotsky,A (2348)-Ionov,S (2535) St Petersburg 2016}) 4. e3 h6 5. Bh4 b6 6. Nd2 {A45: Trompowsky Attack} Bb7 7. f4 Be7 8. Ngf3 {Black has an edge.} Ng4 ({Predecessor:} 8... Nd5 9. Bf2 cxd4 10. Nxd4 Nc6 11. Qg4 O-O 12. Bd3 Nxd4 13. exd4 f5 14. Qg3 Bd6 15. O-O Bxf4 {0-1 (15) Sotsky,A (2348)-Ionov,S (2535) St Petersburg 2016}) 9. Bxe7 Qxe7 10. Qe2 Ba6 11. c4 Nc6 $36 {[%cal Bb8c6,Bc6b4,Bb4a2][%mdl 2080] Black has the initiative.} 12. h3 Nf6 13. Qf2 Nb4 {Hoping for ...Nc2+.} 14. Rc1 Nxa2 15. Rc2 Nb4 16. Rc1 Bb7 17. Be2 Rc8 18. O-O O-O 19. Ne5 d5 20. f5 Rcd8 21. b3 (21. fxe6 $17 Qxe6 22. Ra1) 21... Bc8 (21... exf5 $19 22. Qxf5 cxd4 23. exd4 dxc4 24. Bxc4 b5 25. Bxf7+ Rxf7 26. Nxf7 Kxf7) 22. fxe6 Bxe6 23. Qg3 (23. Ra1 $17) 23... cxd4 $19 24. exd4 dxc4 25. Bxc4 Rxd4 26. Ndf3 Re4 27. Bxe6 Qxe6 28. Rfe1 Rxe1+ 29. Rxe1 (29. Qxe1 {only move.} Nfd5 30. Qd2) 29... Qxb3 30. Kh2 Re8 {[#]} 31. Rf1 $2 (31. Nd7 $1 {[%mdl 512]} Nbd5 (31... Nxd7 32. Rxe8+) 32. Rxe8+ Nxe8 33. Qb8) 31... Qe3 32. Qf4 $2 (32. Re1 $19 Qc3 33. Nxf7 Rxe1 34. Nxh6+ Kf8 35. Nf5) 32... Qxf4+ {Accuracy: White = 26%, Black = 64%.} 0-1

[Event "Floripa Super Blitz 2019"]
[Site "Florianopolis"]
[Date "2019.01.23"]
[Round "1.5"]
[White "Sunye Neto, Jaime"]
[Black "Teramoto, Anderson"]
[Result "1-0"]
[WhiteElo "2446"]
[BlackElo "1724"]
[Annotator "TA"]
[PlyCount "65"]
[EventDate "2019.01.23"]
[EventType "swiss"]
[EventCountry "BRA"]
[SourceTitle "playchess.com"]
[Source "ChessBase"]
[SourceQuality "1"]

{[%evp 16,65,59,54,59,65,73,77,98,91,105,104,81,47,52,56,76,51,96,63,137,0,0,0,119,103,117,71,106,104,105,90,316,314,413,403,422,410,479,459,475,320,313,301,313,313,307,257,313,252,687,682]} 1. d4 Nf6 2. c4 g6 3. Nc3 $146 (3. g3 Bg7 4. Bg2 O-O 5. Nc3 d6 {½-½ (109) Tregubov,P (2575)-Naiditsch,A (2705) Riadh 2017}) ({Predecessor:} 3. Nf3 Bg7 4. g3 O-O 5. Bg2 d6 6. O-O Nbd7 7. Nc3 Re8 {0-1 (32) Ponomarenko,N (1961)-Zimin,I (2076) Kemerovo 2011}) 3... Bg7 4. Nf3 d6 5. g3 O-O 6. Bg2 Re8 (6... Nbd7 7. O-O e5 8. e4 {½-½ (109) Tregubov,P (2575)-Naiditsch,A (2705) Riadh 2017}) 7. e4 Nbd7 8. O-O e5 9. d5 b6 {E68: King's Indian: Fianchetto: 6...Nbd7 7 0-0 e5 8 e4} (9... Nc5 10. Ne1 a5 11. Nd3 Nxd3 12. Qxd3 Nd7 13. Be3 b6 14. a3 Nc5 15. Qc2 f5 16. b4 Na6 17. Rab1 f4 18. gxf4 exf4 19. Bxf4 {½-½ (109) Tregubov,P (2575)-Naiditsch,A (2705) Riadh 2017}) 10. Ne1 ({Predecessor:} 10. a3 a5 11. Rb1 Nc5 12. Qc2 Ncxe4 13. Nxe4 Nxe4 14. Nd2 Nxd2 15. Bxd2 Bf5 16. Be4 Bxe4 17. Qxe4 {0-1 (32) Ponomarenko,N (1961)-Zimin,I (2076) Kemerovo 2011}) 10... Bb7 11. Nd3 Rc8 {White is better.} 12. Be3 Nh5 13. b4 c6 14. Qb3 cxd5 15. cxd5 f5 16. Rac1 (16. Nb5 $5 {[%cal Rb5d6]} Ndf6 17. Nxa7 fxe4 18. Nxc8 Bxd5 19. Qc3 Qxc8 20. Qxc8 Rxc8 21. Rfc1 $16) 16... Kh8 17. f3 Rf8 (17... Ba6 $14 18. b5 Bb7) 18. Bf2 ({Better is} 18. Nb5 $16) 18... Bh6 $11 19. Rc2 f4 (19... Qc7 $11 {keeps the balance.}) 20. g4 $36 {[%mdl 2048] White is in control.} Nhf6 21. h3 Ba6 22. b5 Bb7 23. Nb4 Nb8 $2 {[#]} (23... Nc5 $16 {was worth a try.} 24. Bxc5 bxc5) 24. Nc6 $18 Nxc6 25. dxc6 ({Less strong is} 25. bxc6 Ba6 $18) 25... Ba8 26. Rd1 Qc7 27. Rcd2 Rcd8 28. Nd5 Nxd5 29. Rxd5 Rf6 30. Bh4 g5 31. Be1 Bf8 32. Bc3 {Black must now prevent Bxe5!} Qe7 $2 {[#]} (32... Re8 33. R5d2 a6) 33. Bxe5 $1 {[%mdl 576] Pin. Accuracy: White = 66%, Black = 14%.} 1-0

[Event "Floripa Super Blitz 2019"]
[Site "Florianopolis"]
[Date "2019.01.23"]
[Round "2"]
[White "Cubas, Jose Fernando"]
[Black "Ulrich, Henning"]
[Result "1-0"]
[WhiteElo "2506"]
[BlackElo "1922"]
[Annotator "TA"]
[PlyCount "15"]
[EventDate "2019.01.23"]
[EventType "swiss"]
[EventCountry "BRA"]
[SourceTitle "playchess.com"]
[Source "ChessBase"]
[SourceQuality "1"]

{[%evp 9,15,402,409,395,382,360,786,770]} 1. Nc3 $146 ({Predecessor:} 1. e4 c5 2. Nc3 {1-0 (31) Cornette,M (2544)-Shirazi,K (2445) Paris 2011}) 1... Nf6 2. e4 c5 3. e5 Qc7 ({Predecessor:} 3... Ng8 4. Nf3 Nc6 5. Bb5 Nd4 6. O-O Qc7 7. Re1 e6 8. d3 a6 9. Bc4 b5 10. Bb3 Bb7 {1-0 (31) Cornette,M (2544)-Shirazi,K (2445) Paris 2011}) 4. exf6 Qe5+ 5. Be2 Qxf6 6. Nf3 {B23: Closed Sicilian: Lines without g3} Nc6 7. O-O d6 $2 {[#]} (7... Qd6 8. Re1 e6) 8. Nd5 1-0

[Event "Floripa Super Blitz 2019"]
[Site "Florianopolis"]
[Date "2019.01.23"]
[Round "2"]
[White "Quintiliano Pinto, Renato R."]
[Black "Menezes, Jose Eduardo Carnei"]
[Result "1-0"]
[WhiteElo "2441"]
[BlackElo "1827"]
[Annotator "TA"]
[PlyCount "55"]
[EventDate "2019.01.23"]
[EventType "swiss"]
[EventCountry "BRA"]
[SourceTitle "playchess.com"]
[Source "ChessBase"]
[SourceQuality "1"]

{[%evp 9,55,39,35,30,99,101,110,103,219,220,226,160,330,251,248,225,397,408,435,426,425,428,431,423,491,489,517,522,570,563,1242,620,1080,1000,1122,1114,2193,2216,2045,1960,29982,29983,5912,5743,29993,29993,29995,29996]} 1. Nf3 d5 2. e3 Bg4 3. c4 e6 (3... c6 4. Qb3 Qc7 5. cxd5 cxd5 6. Bb5+ Nd7 7. Nc3 Bxf3 8. gxf3 e6 9. d4 a6 10. Be2 Qb6 11. Bd2 Qxb3 12. axb3 {1-0 (55) Harikrishna,P (2732)-Navara,D (2727) Prague 2018}) 4. Nc3 Bxf3 5. Qxf3 c6 6. b3 $146 {A09: Réti Opening: 1 Nf3 d5 2 c4} ({Predecessor:} 6. d4 f5 7. g4 g6 8. gxf5 gxf5 9. Qh5+ Kd7 10. Bd2 Nf6 11. Qh3 {1-0 (34) Forintos,G (2440)-Fomina,T (2245) Aaland-Stockholm 1997}) 6... f5 (6... Nd7 $11) 7. cxd5 $16 cxd5 {[#]} 8. g4 $1 {White is better.} Qd7 (8... Ne7 $16 {might work better.}) 9. gxf5 $18 exf5 10. Nxd5 {Hoping for Bh3.} Bd6 $2 (10... Nc6 $16 11. Bb2 O-O-O) 11. Bh3 Nh6 12. Bb2 O-O $2 {[#]} (12... Nc6 13. Qh5+ Kf8) 13. Rg1 Ng4 14. Bxg4 fxg4 15. Qxg4 Qxg4 16. Rxg4 g6 17. Nf6+ Kf7 18. Nxh7 Rd8 19. Ng5+ Kg8 20. Ne4 Bxh2 21. f4 Nc6 22. Ke2 Nb4 23. Rh1 Nd3 24. Bc3 Bxf4 25. Rxg6+ Kf7 26. Rf6+ Kg8 27. exf4 Rac8 28. Rg1+ {Precision: White = 77%, Black = 17%.} 1-0

[Event "Floripa Super Blitz 2019"]
[Site "Florianopolis"]
[Date "2019.01.23"]
[Round "2"]
[White "Bassani, Jaison Jose"]
[Black "Granda Zuniga, Julio E"]
[Result "0-1"]
[WhiteElo "1959"]
[BlackElo "2641"]
[Annotator "TA"]
[PlyCount "42"]
[EventDate "2019.01.23"]
[EventType "swiss"]
[EventCountry "BRA"]
[SourceTitle "playchess.com"]
[Source "ChessBase"]
[SourceQuality "1"]

{[%evp 14,42,60,53,69,49,56,55,56,67,63,55,77,35,55,35,70,43,76,42,54,56,59,42,31,31,24,19,0,-681,-690]} 1. e4 c5 2. Nc3 Nc6 3. Bb5 g6 4. Bxc6 dxc6 5. d3 Bg7 6. f4 {B23: Closed Sicilian: Lines without g3} Nf6 7. Nf3 b6 (7... Nd7 8. O-O b6 9. Qe1 Nf8 10. f5 gxf5 11. Nh4 fxe4 12. dxe4 Ng6 13. Nf5 O-O {0-1 (32) Najer,E (2658)-Savchenko,B (2567) Moscow 2015}) 8. O-O {LiveBook: 4 Games. White is slightly better.} Bg4 9. Qe1 Bxf3 10. Rxf3 Nd7 $146 ({Predecessor:} 10... Qc7) 11. Be3 Qc7 12. a4 Bd4 13. Qf2 e5 14. f5 f6 15. Nd1 O-O-O 16. c3 Bxe3 17. Nxe3 g5 18. b4 cxb4 19. cxb4 Qd6 20. Qc2 Kb7 21. Nc4 $2 {[%mdl 8192] [#]} (21. Rc1 $11) 21... Qd4+ {[%mdl 64] Double Attack. Accuracy: White = 49%, Black = 67%.} 0-1

[Event "Floripa Super Blitz 2019"]
[Site "Florianopolis"]
[Date "2019.01.23"]
[Round "2"]
[White "De Oliveira, Guilherme Alfredo B"]
[Black "Sunye Neto, Jaime"]
[Result "0-1"]
[WhiteElo "1893"]
[BlackElo "2446"]
[Annotator "NA RC"]
[PlyCount "96"]
[EventDate "2019.01.23"]
[EventType "swiss"]
[EventCountry "BRA"]
[SourceTitle "playchess.com"]
[Source "ChessBase"]
[SourceQuality "1"]
[TimeControl "180+2"]

1. e4 {[%emt 0:00:00]} c5 {[%emt 0:00:00]} 2. Nf3 {[%emt 0:00:00]} e6 {[%emt 0:00:01]} 3. d4 {[%emt 0:00:01]} cxd4 {[%emt 0:00:01]} 4. Nxd4 {[%emt 0:00:01]} a6 {[%emt 0:00:01]} 5. Nc3 {[%emt 0:00:02]} b5 {[%emt 0:00:01]} 6. a3 {[%emt 0:00:01]} Bb7 {[%emt 0:00:02]} 7. Bd3 {[%emt 0:00:03]} Bc5 {[%emt 0:00:11]} 8. Nb3 {[%emt 0:00:02]} Bb6 {[%emt 0:00:02]} 9. O-O {[%emt 0:00:03]} Nc6 {[%emt 0:00:02]} 10. Kh1 {[%emt 0:00:04]} Nf6 {[%emt 0:00:06]} 11. f4 {[%emt 0:00:09]} d6 {[%emt 0:00:02]} 12. Qf3 {[%emt 0:00:12]} Qc7 {[%emt 0:00:11]} 13. Bd2 {[%emt 0:00:26]} O-O {[%emt 0:00:06]} 14. Rae1 {[%emt 0:00:02]} b4 {[%emt 0:00:02]} 15. Na4 {[%emt 0:00:14]} bxa3 {[%emt 0:00:02]} 16. Nxb6 {[%emt 0:00:07]} Qxb6 {[%emt 0:00:02]} 17. bxa3 {[%emt 0:00:01]} Ne7 {[%emt 0:00:08]} 18. Bc3 {[%emt 0:00:06]} Nd7 {[%emt 0:00:12]} 19. Qg4 {[%emt 0:00:01]} Ng6 {[%emt 0:00:07]} 20. h4 {[%emt 0:00:05]} Rfc8 {[%emt 0:00:35]} 21. Ba1 {[%emt 0:00:08]} Qd8 {[%emt 0:00:03]} 22. h5 {[%emt 0:00:33]} Qh4+ {[%emt 0:00:01]} 23. Qxh4 {[%emt 0:00:01]} Nxh4 {[%emt 0:00:01]} 24. g3 {[%emt 0:00:02]} Nf5 {[%emt 0:00:01]} 25. Kh2 {[%emt 0:00:05]} Ne7 {[%emt 0:00:02]} 26. Rb1 {[%emt 0:00:09]} Bc6 {[%emt 0:00:03]} 27. Na5 {[%emt 0:00:06]} Ba4 {[%emt 0:00:01]} 28. Rb7 {[%emt 0:00:13]} Bxc2 {[%emt 0:00:08]} 29. Be2 {[%emt 0:00:48]} Ba4 {[%emt 0:00:09]} 30. Rfb1 {[%emt 0:00:08]} Kf8 {[%emt 0:00:04]} 31. Bf3 {[%emt 0:00:02]} Nc5 {[%emt 0:00:01]} 32. R7b4 {[%emt 0:00:02]} Bc6 {[%emt 0:00:02]} 33. Nc4 {[%emt 0:00:03]} Rd8 {[%emt 0:00:04]} 34. Nb6 {[%emt 0:00:01]} Rab8 {[%emt 0:00:01]} 35. a4 {[%emt 0:00:02]} a5 {[%emt 0:00:01]} 36. R4b2 {[%emt 0:00:06]} Bxe4 {[%emt 0:00:02]} 37. Bxe4 {[%emt 0:00:02]} Nxe4 {[%emt 0:00:01]} 38. Rb5 {[%emt 0:00:01]} Nc5 {[%emt 0:00:06]} 39. Rxa5 {[%emt 0:00:02]} Nc6 {[%emt 0:00:02]} 40. Rab5 {[%emt 0:00:01]} Na7 {[%emt 0:00:02]} 41. R5b4 {[%emt 0:00:02]} Nc6 {[%emt 0:00:01]} 42. Rb5 Rb7 {[%emt 0:00:06]} 43. h6 {[%emt 0:00:02]} gxh6 {[%emt 0:00:01]} 44. Bf6 {[%emt 0:00:01]} Re8 {[%emt 0:00:04]} 45. a5 {[%emt 0:00:02]} Ne4 {[%emt 0:00:03]} 46. Bh4 {[%emt 0:00:05]} Ra7 {[%emt 0:00:01]} 47. Ra1 {[%emt 0:00:03]} Kg7 {[%emt 0:00:03]} 48. Kg2 {[%emt 0:00:02]} f5 {[%emt 0:00:01]} 0-1

[Event "Floripa Super Blitz 2019"]
[Site "Florianopolis"]
[Date "2019.01.23"]
[Round "2"]
[White "Kruger, Israel"]
[Black "Fier, Alexandr"]
[Result "0-1"]
[WhiteElo "1890"]
[BlackElo "2540"]
[Annotator "TA"]
[PlyCount "77"]
[EventDate "2019.01.23"]
[EventType "swiss"]
[EventCountry "BRA"]
[SourceTitle "playchess.com"]
[Source "ChessBase"]
[SourceQuality "1"]

{[%evp 9,77,6,0,10,9,-18,18,29,22,-41,-38,-34,-33,-33,-27,-35,-29,-47,-56,-112,-73,-72,-43,-56,19,-7,-7,-122,-141,-163,-172,-167,-101,-162,-120,-193,-152,-214,-213,-224,-216,-212,-197,-252,-242,-412,-451,-702,-652,-697,-660,-891,-616,-704,-585,-883,-895,-854,-847,-827,-831,-4608,-1010,-1300,-973,-1521,-1387,-1339,-1202,-1204]} 1. e4 c5 2. Nf3 (2. d3 Nc6 3. Be2 g6 4. Nf3 Bg7 5. O-O {0-1 (81) Salgado Lopez,I (2644)-Adnani,M (2448) Riadh 2017}) 2... e6 3. d3 Nc6 4. Be2 g6 5. O-O Bg7 6. c3 {B40: Sicilian: 2...e6, Unusual lines} Nge7 7. Bg5 (7. Nbd2 O-O 8. Re1 Rb8 9. Bf1 b5 10. a3 a5 11. Qc2 d6 12. Rb1 b4 13. a4 {0-1 (81) Salgado Lopez,I (2644)-Adnani,M (2448) Riadh 2017}) 7... h6 8. Be3 {The position is equal.} b6 $146 ({Predecessor:} 8... d6 9. Na3 a6 10. Nc2 b5 11. a3 Bb7 12. h3 {1-0 (33) Sturluson,S (852)-Lauer,F (986) LSS email 2010}) 9. Qd2 ({White should play} 9. d4 $11) 9... d5 $15 10. exd5 Nxd5 11. d4 Nxe3 12. fxe3 O-O 13. Bd3 Bb7 14. Qc2 (14. Qe2 $15) 14... Rc8 {[%cal Rc5d4]} 15. Qe2 e5 {[%cal Re5d4]} 16. dxc5 bxc5 ({Better is} 16... Qd5 $15 17. Nbd2 Qxc5) 17. Rd1 Qe7 $36 {[%mdl 2048] [#] White must now prevent ...e4. White is under pressure.} 18. Bc4 (18. e4 $11) 18... e4 $17 19. Ne1 Ne5 20. Na3 Nxc4 (20... Qg5 $19 21. Kh1 Rb8) 21. Qxc4 (21. Nxc4 $17 Rfd8 22. Nc2) 21... Kh7 22. Nac2 (22. Rd2 $17 {was worth a try.}) 22... Rfd8 23. Qe2 (23. Na3 $17) 23... Bd5 $19 24. b3 Bxc3 25. Rab1 Bg7 26. g3 (26. Na3 $142) 26... c4 27. b4 $2 {[#]} (27. Nd4) 27... c3 28. Ng2 (28. Nd4 $142) 28... Bxa2 29. Ra1 Bc4 30. Qe1 Bd3 31. Rdc1 g5 32. Ra5 Bxc2 33. Rxc2 Qxb4 34. Rxa7 Rd2 35. Rc1 c2 (35... Qb2 $142 36. Kf1 Rxg2) 36. Qf1 Rf8 37. Ne1 Qb6 38. Ra3 Bb2 39. Rxc2 {Accuracy: White = 22%, Black = 48%.} 0-1

[Event "Floripa Super Blitz 2019"]
[Site "Florianopolis"]
[Date "2019.01.23"]
[Round "3"]
[White "Granda Zuniga, Julio E"]
[Black "Rueda, Joaquin"]
[Result "1-0"]
[WhiteElo "2641"]
[BlackElo "1961"]
[Annotator "TA"]
[PlyCount "42"]
[EventDate "2019.01.23"]
[EventType "swiss"]
[EventCountry "BRA"]
[SourceTitle "playchess.com"]
[Source "ChessBase"]
[SourceQuality "1"]

{[%evp 19,42,32,78,-8,20,13,55,47,104,47,75,82,71,64,99,96,91,46,97,91,59,57,206,204,524]} 1. d4 d5 2. c4 Nc6 3. cxd5 Qxd5 4. e3 e5 5. Nc3 Bb4 6. Bd2 Bxc3 7. bxc3 Nf6 8. c4 Qd6 9. d5 Ne7 10. Qb1 {D07: Queen's Gambit: Chigorin Defence} (10. Rb1 c5 11. Ne2 O-O 12. Nc3 b6 13. Bd3 a6 14. a4 Rb8 15. O-O Bf5 16. e4 Bg4 17. f3 Bc8 {0-1 (45) Hracek,Z (2615)-Plat,V (2483) Prague 2012}) 10... O-O {LiveBook: 9 Games} 11. Bd3 (11. Bb4 $16 c5 12. Bc3 (12. dxc6 Qc7 $15)) 11... c6 (11... e4 $5 12. Bxe4 Nxe4 13. Qxe4 Bf5 $11) 12. Bb4 {The position is equal.} c5 13. Bc3 Bd7 $146 (13... e4 $14 14. Bc2 Bd7) ({Predecessor:} 13... e4 14. Bxe4 Nxe4 15. Qxe4 Bf5 16. Qe5 Qxe5 17. Bxe5 Ng6 {1-0 (29) Koehler,H-Bieker,P DESC email 2005}) 14. Nf3 ({White should play} 14. e4 $16) 14... e4 $1 $14 {[%cal Re4d3]} 15. Bxe4 Nxe4 16. Qxe4 Rfe8 17. O-O b5 18. Rfd1 $40 {[%mdl 128] White attacks.} Bf5 (18... Ng6 $1 $14 19. Qd3 b4) 19. Qe5 $16 Qxe5 20. Nxe5 bxc4 (20... f6 $14) 21. f3 $18 Be6 $2 {Precision: White = 46%, Black = 10%.} (21... Bd3 {is tougher.}) 1-0